000 00865nam a22002057a 4500
005 20260210085503.0
008 240830b ||||| |||| 00| 0 eng d
082 _aDPer 372.05 El262 March-June 2019 v. 119 n. 3-4
100 _aMcDaniel, Sara C.
_eauthor.
_959518
245 _aExamining the additive effects of check-in/check-out to coping power /
_cSara C. McDaniel and Allison L Bruhn.
260 _aChicago, Illinois ;
_bUniversity of Chicago Press ,
_cJune 2019.
300 _aVolume 119, pages 580-600 :
_billustration ;
_c25 cm.
500 _aThe Elementary School Journal, vol. 119, no. 4, pages 580-600, June 2019.
650 0 _aAt risk students.
_950002
650 0 _aIntervention.
_966452
650 0 _aTeaching methods.
_93604
700 _aMcDaniel, Sara C.
_eauthor.
_959518
700 _aBruhn, Allison L.
_eauthor.
_959519
942 _2ddc
_cPER
999 _c21089
_d21089